| 000 | 00364nam a2200133 4500 | ||
|---|---|---|---|
| 999 |
_c9589 _d9589 |
||
| 003 | OSt | ||
| 005 | 20210705113520.0 | ||
| 008 | 210705b ||||| |||| 00| 0 eng d | ||
| 020 | _a9783869220086 | ||
| 082 |
_a720.94810905 _bMAR |
||
| 100 | _aMartovitskaya, Anna, 1980- | ||
| 245 | _aArchitectural guide Norway : buildings and projects from 2000 to 2020 | ||
| 942 | _2ddc | ||